Conversaciones con Teddy Bautista / (Record no. 193574)
[ view plain ]
| 000 -LEADER | |
|---|---|
| campo de control de longitud fija | 01676nam a2200373 i 4500 |
| 001 - NÚMERO DE CONTROL | |
| campo de control | 193574 |
| 003 - IDENTIFICADOR DE NÚMERO DE CONTROL | |
| campo de control | ES-MaACL |
| 005 - FECHA Y HORA DE LA ÚLTIMA TRANSACCIÓN | |
| campo de control | 20240902063046.0 |
| 007 - CAMPO FIJO DE DESCRIPCIÓN FÍSICA--INFORMACIÓN GENERAL | |
| campo de control de longitud fija | ta |
| 008 - DATOS DE LONGITUD FIJA--INFORMACIÓN GENERAL | |
| campo de control de longitud fija | 240116b sp ||||| |||| 00| 0 spa d |
| 017 ## - NÚMERO DE COPYRIGHT O DE DEPÓSITO LEGAL | |
| Número de copyright o de depósito legal | V 807-2023 |
| Agencia que asigna | Oficina Depósito Legal Valencia |
| 020 ## - NÚMERO INTERNACIONAL ESTÁNDAR DEL LIBRO | |
| Número Internacional Estándar del Libro | 9788495749529 |
| 040 ## - FUENTE DE CATALOGACIÓN | |
| Lengua de catalogación | spa |
| Centro/agencia transcriptor | ES-MaACL |
| 100 1# - ENTRADA PRINCIPAL--NOMBRE DE PERSONA | |
| 9 (RLIN) | 234882 |
| Nombre de persona | Lapuente, Luis, |
| Fechas asociadas al nombre | 1957- |
| Término indicativo de función/relación | Entrevistador |
| 245 10 - MENCIÓN DEL TÍTULO | |
| Título | Conversaciones con Teddy Bautista / |
| Mención de responsabilidad, etc. | Luis Lapuente |
| 250 ## - MENCION DE EDICION | |
| Mención de edición | Primera edición: abril de 2023 |
| 260 ## - PUBLICACIÓN, DISTRIBUCIÓN, ETC. | |
| Lugar de publicación, distribución, etc. | [Valencia] : |
| Nombre del editor, distribuidor, etc. | Efe Eme, |
| Fecha de publicación, distribución, etc. | 2023 |
| 300 ## - DESCRIPCIÓN FÍSICA | |
| Extensión | 221 páginas, [8] páginas de láminas (color) : |
| Otras características físicas | ilustraciones (blanco y negro) ; |
| Dimensiones | 24 cm |
| 336 ## - TIPO DE CONTENIDO | |
| Fuente | rdacontent |
| Término de tipo de contenido | Texto |
| 337 ## - TIPO DE MEDIO | |
| Fuente | rdamedia |
| Nombre/término del tipo de medio | sin mediación |
| 338 ## - TIPO DE SOPORTE | |
| Fuente | rdacarrier |
| Nombre/término del tipo de soporte | volumen |
| 490 0# - MENCIÓN DE SERIE | |
| Mención de serie | Biblioteca Efe Eme |
| 500 ## - NOTA GENERAL | |
| Nota general | Índice |
| 520 ## - RESUMEN, ETC. | |
| Sumario, etc. | Un libro excepcional: las conversaciones entre Teddy Bautista y Luis Lapuente. A través de estas páginas, Teddy Bautista aborda su incansable trayectoria vital y profesional, reflexiona sobre sus aciertos y sus errores, subraya su apasionada visión de la música y el arte. Un libro fascinante, fruto de más de cuarenta horas de conversaciones. |
| 600 1# - PUNTO DE ACCESO ADICIONAL DE MATERIA--NOMBRE DE PERSONA | |
| 9 (RLIN) | 159373 |
| Nombre de persona | Bautista, Teddy, |
| Fechas asociadas al nombre | 1943- |
| 700 1# - ENTRADA AGREGADA--NOMBRE PERSONAL | |
| 9 (RLIN) | 159373 |
| Nombre de persona | Bautista, Teddy, |
| Fechas asociadas al nombre | 1943- |
| Término indicativo de función/relación | Entrevistado |
| 852 ## - LOCALIZACIÓN | |
| Ubicación | ES-MaACL |
| Sublocalización o colección | R. 154927 |
| Ubicación en estantería | Depósito J |
| Número de control de estantería | N-9583 |
| Donativo/Legado | Donación: Editorial |
| itemnumber | 201038 |
| Encuadernación | Encuadernación rústica con solapas |
| 942 ## - ELEMENTOS DE ENTRADA SECUNDARIOS (KOHA) | |
| Suprimir en OPAC | No |
| Tipo de ítem Koha | Libro impreso |
| Estatus retirado | Estado de pérdida | Fuente del sistema de clasificación o colocación | Estado de daño | No para préstamo | Biblioteca de origen | Biblioteca actual | Ubicación en estantería | Fecha de adquisición | Fuente de adquisición | Total de préstamos | Signatura topográfica completa | Código de barras | Visto por última vez | Tipo de ítem Koha |
|---|---|---|---|---|---|---|---|---|---|---|---|---|---|---|
| Clasificación decimal universal | Biblioteca del Ateneo de Madrid | Biblioteca del Ateneo de Madrid | Depósito J | 16/01/2024 | Donación | N-9583 | 101206316 | 16/01/2024 | Libro impreso |
